[Event "DVM U20 2020"]
[Site "Willingen GER"]
[Date "2021.06.26"]
[Round "6"]
[White "Fuhrmann, Åke"]
[Black "Bartelt, Max Peter"]
[Result "1-0"]
[Termination "normal"]
[Board "4.6"]
[WhiteElo "1912"]
[BlackElo "1823"]
[WhiteClock "00:23:01"]
[BlackClock "00:04:43"]
[WhiteTeam "Hamburger SK von 1830"]
[BlackTeam "Schachfreunde Brackel 1930 e. V."]
[PlyCount "117"]
[WhiteFideId "12983853"]
[BlackFideId "12967289"]
[EventCountry "GER"]
[EventRounds "7"]
[EventType "team-swiss"]
[EventDate "2021.06.23"]

1. c4 {[%clk 01:30:57]} {[%emt 00:00:03]} Nf6 {[%clk 01:30:54]} {[%emt
00:00:07]} 2. g3 {[%clk 01:31:22]} {[%emt 00:00:04]} g6 {[%clk 01:31:19]}
{[%emt 00:00:05]} 3. Bg2 {[%clk 01:31:47]} {[%emt 00:00:04]} Bg7 {[%clk
01:31:45]} {[%emt 00:00:05]} 4. Nc3 {[%clk 01:32:11]} {[%emt 00:00:06]} O-O
{[%clk 01:32:09]} {[%emt 00:00:06]} 5. e4 {[%clk 01:32:37]} {[%emt 00:00:05]}
d6 {[%clk 01:32:35]} {[%emt 00:00:04]} 6. Nge2 {[%clk 01:32:59]} {[%emt
00:00:06]} c5 {[%clk 01:31:41]} {[%emt 00:01:25]} 7. O-O {[%clk 01:33:19]}
{[%emt 00:00:10]} Nc6 {[%clk 01:31:49]} {[%emt 00:00:22]} 8. a3 {[%clk
01:33:37]} {[%emt 00:00:13]} a5 {[%clk 01:29:04]} {[%emt 00:03:14]} 9. d3
{[%clk 01:33:45]} {[%emt 00:00:22]} Ne8 {[%clk 01:29:05]} {[%emt 00:00:29]} 10.
Be3 {[%clk 01:33:29]} {[%emt 00:00:45]} Nc7 {[%clk 01:28:39]} {[%emt 00:00:57]}
11. d4 {[%clk 01:31:28]} {[%emt 00:02:31]} cxd4 {[%clk 01:27:25]} {[%emt
00:01:44]} 12. Nxd4 {[%clk 01:31:52]} {[%emt 00:00:06]} Ne6 {[%clk 01:25:59]}
{[%emt 00:01:56]} 13. Nde2 {[%clk 01:31:15]} {[%emt 00:01:06]} Ne5 {[%clk
01:24:35]} {[%emt 00:01:55]} 14. b3 {[%clk 01:28:12]} {[%emt 00:03:33]} Nc5
{[%clk 01:20:45]} {[%emt 00:04:21]} 15. Rb1 {[%clk 01:26:49]} {[%emt 00:01:52]}
Bg4 {[%clk 01:15:19]} {[%emt 00:05:56]} 16. f3 {[%clk 01:26:07]} {[%emt
00:01:12]} Bd7 {[%clk 01:15:29]} {[%emt 00:00:20]} 17. h3 {[%clk 01:22:22]}
{[%emt 00:04:15]} Nc6 {[%clk 00:55:35]} {[%emt 00:20:24]} 18. f4 {[%emt
00:16:44]} Be6 {[%emt 00:10:22]} 19. f5 {[%clk 01:03:56]} {[%emt 00:05:22]} Bc8
{[%clk 00:41:49]} {[%emt 00:01:44]} 20. b4 {[%clk 01:02:25]} {[%emt 00:02:01]}
axb4 {[%clk 00:41:36]} {[%emt 00:00:44]} 21. axb4 {[%clk 01:02:48]} {[%emt
00:00:07]} Nd7 {[%clk 00:36:14]} {[%emt 00:05:51]} 22. Nd5 {[%clk 01:01:52]}
{[%emt 00:01:25]} e6 {[%clk 00:34:34]} {[%emt 00:02:11]} 23. fxe6 {[%clk
00:55:48]} {[%emt 00:06:34]} fxe6 {[%clk 00:33:35]} {[%emt 00:01:30]} 24. Rxf8+
{[%clk 00:55:43]} {[%emt 00:00:34]} Qxf8 {[%clk 00:33:44]} {[%emt 00:00:21]}
25. Nc7 {[%clk 00:55:02]} {[%emt 00:01:11]} Ra3 {[%clk 00:27:39]} {[%emt
00:06:35]} 26. Qc1 {[%clk 00:53:23]} {[%emt 00:02:09]} Ra2 {[%clk 00:26:15]}
{[%emt 00:01:54]} 27. Nxe6 {[%clk 00:50:44]} {[%emt 00:03:10]} Qf6 {[%clk
00:18:21]} {[%emt 00:08:24]} 28. N6d4 {[%clk 00:45:09]} {[%emt 00:06:05]} Nde5
{[%clk 00:16:48]} {[%emt 00:02:02]} 29. Kh1 {[%clk 00:27:06]} {[%emt 00:18:32]}
Nd3 {[%clk 00:13:34]} {[%emt 00:03:44]} 30. Qc3 {[%clk 00:23:51]} {[%emt
00:03:45]} Nce5 {[%clk 00:04:44]} {[%emt 00:09:21]} 31. Qb3 {[%clk 00:22:22]}
{[%emt 00:01:59]} Ra8 {[%clk 00:01:44]} {[%emt 00:03:30]} 32. Rf1 {[%clk
00:22:09]} {[%emt 00:00:43]} Qe7 {[%clk 00:01:54]} {[%emt 00:00:20]} 33. Nf4
{[%clk 00:20:40]} {[%emt 00:01:58]} Nxf4 {[%clk 00:01:30]} {[%emt 00:00:55]}
34. gxf4 {[%clk 00:20:52]} {[%emt 00:00:18]} Nc6 {[%clk 00:01:12]} {[%emt
00:00:48]} 35. c5+ {[%clk 00:16:25]} {[%emt 00:04:57]} Kh8 {[%clk 00:01:36]}
{[%emt 00:00:06]} 36. Nxc6 {[%clk 00:16:33]} {[%emt 00:00:22]} bxc6 {[%clk
00:01:58]} {[%emt 00:00:08]} 37. cxd6 {[%clk 00:16:55]} {[%emt 00:00:08]} Qxd6
{[%clk 00:01:49]} {[%emt 00:00:40]} 38. e5 {[%clk 00:17:18]} {[%emt 00:00:07]}
Qe7 {[%clk 00:00:40]} {[%emt 00:01:39]} 39. Bc5 {[%clk 00:16:30]} {[%emt
00:01:17]} Qh4 {[%clk 00:00:39]} {[%emt 00:00:32]} 40. Kh2 {[%clk 00:12:42]}
{[%emt 00:04:17]} Bf5 {[%clk 00:00:32]} {[%emt 00:00:37]} 41. Bxc6 {[%clk
00:12:10]} {[%emt 00:01:03]} Rd8 {[%clk 00:26:23]} {[%emt 00:04:38]} 42. Qg3
{[%clk 00:31:56]} {[%emt 00:10:44]} Rd2+ {[%clk 00:22:26]} {[%emt 00:04:28]}
43. Rf2 {[%clk 00:32:18]} {[%emt 00:00:07]} Qd8 {[%clk 00:22:36]} {[%emt
00:00:19]} 44. Rxd2 {[%clk 00:30:57]} {[%emt 00:01:52]} Qxd2+ {[%clk 00:23:01]}
{[%emt 00:00:05]} 45. Qf2 {[%clk 00:31:03]} {[%emt 00:00:23]} Qc3 {[%clk
00:22:26]} {[%emt 00:01:04]} 46. Qe3 {[%clk 00:31:11]} {[%emt 00:00:22]} Qc2+
{[%clk 00:21:11]} {[%emt 00:01:45]} 47. Bg2 {[%clk 00:31:32]} {[%emt 00:00:09]}
Be6 {[%clk 00:15:31]} {[%emt 00:06:10]} 48. Qe4 {[%clk 00:31:02]} {[%emt
00:01:01]} Qd2 {[%clk 00:14:53]} {[%emt 00:01:07]} 49. b5 {[%clk 00:29:08]}
{[%emt 00:02:25]} Bh6 {[%clk 00:08:56]} {[%emt 00:06:27]} 50. Kg3 {[%clk
00:23:25]} {[%emt 00:06:12]} Qc3+ {[%clk 00:08:22]} {[%emt 00:01:05]} 51. Qe3
{[%clk 00:22:31]} {[%emt 00:01:24]} Qc4 {[%clk 00:07:54]} {[%emt 00:00:58]} 52.
b6 {[%clk 00:22:06]} {[%emt 00:00:54]} g5 {[%clk 00:05:50]} {[%emt 00:02:34]}
53. fxg5 {[%clk 00:22:15]} {[%emt 00:00:22]} Bg7 {[%clk 00:05:32]} {[%emt
00:00:48]} 54. b7 {[%clk 00:22:24]} {[%emt 00:00:20]} Qb3 {[%clk 00:04:42]}
{[%emt 00:01:21]} 55. Qxb3 {[%clk 00:21:33]} {[%emt 00:01:21]} Bxe5+ {[%clk
00:05:08]} {[%emt 00:00:04]} 56. Kh4 {[%clk 00:21:56]} {[%emt 00:00:06]} Bxb3
{[%clk 00:05:35]} {[%emt 00:00:04]} 57. Bd4 {[%clk 00:22:21]} {[%emt 00:00:05]}
Bxd4 {[%clk 00:04:18]} {[%emt 00:01:47]} 58. b8=Q+ {[%clk 00:22:40]} {[%emt
00:00:11]} Bg8 {[%clk 00:04:43]} {[%emt 00:00:04]} 59. Bd5 {[%clk 00:23:01]}
{[%emt 00:00:09]} 1-0

[Event "DVM U20 2020"]
[Site "Willingen GER"]
[Date "2021.06.26"]
[Round "6"]
[White "Knüdel, Torben"]
[Black "Schmider, Niklas"]
[Result "0-1"]
[Termination "normal"]
[Board "5.1"]
[BlackTitle "FM"]
[WhiteElo "2204"]
[BlackElo "2303"]
[WhiteClock "00:09:16"]
[BlackClock "00:55:08"]
[WhiteTeam "Post SV Uelzen"]
[BlackTeam "OSG Baden-Baden"]
[PlyCount "64"]
[WhiteFideId "16208820"]
[BlackFideId "12993778"]
[EventCountry "GER"]
[EventRounds "7"]
[EventType "team-swiss"]
[EventDate "2021.06.23"]

1. e4 {[%clk 01:30:51]} e5 {[%clk 01:30:51]} {[%emt 00:00:18]} 2. Nf3 {[%clk
01:31:15]} {[%emt 00:00:06]} Nc6 {[%clk 01:31:15]} {[%emt 00:00:06]} 3. Bb5
{[%clk 01:31:41]} {[%emt 00:00:02]} a6 {[%clk 01:31:40]} {[%emt 00:00:06]} 4.
Ba4 {[%clk 01:32:09]} {[%emt 00:00:02]} Nf6 {[%clk 01:32:01]} {[%emt 00:00:08]}
5. O-O {[%clk 01:32:35]} {[%emt 00:00:05]} Bc5 {[%clk 01:32:25]} {[%emt
00:00:06]} 6. Nxe5 {[%clk 01:30:23]} {[%emt 00:02:42]} Nxe5 {[%clk 01:32:17]}
{[%emt 00:00:37]} 7. d4 {[%clk 01:30:33]} {[%emt 00:00:20]} b5 {[%clk
01:32:27]} {[%emt 00:00:20]} 8. Bb3 {[%clk 01:30:59]} {[%emt 00:00:05]} Bxd4
{[%clk 01:32:07]} {[%emt 00:00:49]} 9. Qxd4 {[%clk 01:31:28]} {[%emt 00:00:02]}
d6 {[%clk 01:32:28]} {[%emt 00:00:09]} 10. f4 {[%clk 01:14:01]} {[%emt
00:17:57]} Nc6 {[%clk 01:32:29]} {[%emt 00:00:28]} 11. Qc3 {[%clk 01:12:18]}
{[%emt 00:02:13]} Ne7 {[%clk 01:32:30]} {[%emt 00:00:30]} 12. e5 {[%clk
01:04:33]} {[%emt 00:08:15]} Ne4 {[%clk 01:32:35]} {[%emt 00:00:23]} 13. Qe1
{[%clk 01:02:30]} {[%emt 00:02:33]} Bb7 {[%clk 01:30:47]} {[%emt 00:02:20]} 14.
Nc3 {[%clk 00:55:57]} {[%emt 00:07:03]} Nxc3 {[%clk 01:14:34]} {[%emt
00:16:43]} 15. Qxc3 {[%clk 00:52:55]} {[%emt 00:03:32]} c5 {[%clk 01:09:13]}
{[%emt 00:05:51]} 16. Rd1 {[%clk 00:21:18]} {[%emt 00:32:07]} c4 {[%clk
01:02:26]} {[%emt 00:07:17]} 17. Bxc4 {[%clk 00:20:01]} {[%emt 00:01:47]} bxc4
{[%clk 01:01:48]} {[%emt 00:01:08]} 18. Qb4 {[%clk 00:20:22]} {[%emt 00:00:09]}
Rb8 {[%clk 00:58:00]} {[%emt 00:04:16]} 19. exd6 {[%clk 00:20:35]} {[%emt
00:00:18]} O-O {[%clk 00:57:54]} {[%emt 00:00:36]} 20. Qxc4 {[%clk 00:15:13]}
{[%emt 00:05:53]} Qb6+ {[%clk 00:57:04]} {[%emt 00:01:19]} 21. Qd4 {[%clk
00:15:27]} {[%emt 00:00:14]} Qc6 {[%clk 00:57:26]} {[%emt 00:00:10]} 22. Qf2
{[%clk 00:15:39]} {[%emt 00:00:19]} Nf5 {[%clk 00:57:24]} {[%emt 00:00:32]} 23.
Bd2 {[%clk 00:12:07]} {[%emt 00:04:02]} Nxd6 {[%clk 00:56:37]} {[%emt
00:01:16]} 24. Bb4 {[%clk 00:08:48]} {[%emt 00:03:48]} Ne4 {[%clk 00:56:41]}
{[%emt 00:00:28]} 25. Qe3 {[%clk 00:08:50]} {[%emt 00:00:26]} Rfe8 {[%clk
00:55:51]} {[%emt 00:01:21]} 26. Re1 {[%clk 00:08:13]} {[%emt 00:01:07]} Nf6
{[%clk 00:53:27]} {[%emt 00:02:54]} 27. Qf2 {[%clk 00:08:10]} {[%emt 00:00:35]}
Ng4 {[%clk 00:53:41]} {[%emt 00:00:15]} 28. Qg3 {[%clk 00:08:34]} {[%emt
00:00:06]} Qb6+ {[%clk 00:54:04]} {[%emt 00:00:07]} 29. Kf1 {[%clk 00:08:50]}
{[%emt 00:00:14]} Ne3+ {[%clk 00:53:58]} {[%emt 00:00:36]} 30. Rxe3 {[%clk
00:08:28]} {[%emt 00:00:52]} Rxe3 {[%clk 00:54:21]} {[%emt 00:00:07]} 31. Qf2
{[%clk 00:08:51]} {[%emt 00:00:07]} Qb5+ {[%clk 00:54:44]} {[%emt 00:00:07]}
32. Kg1 {[%clk 00:09:16]} {[%emt 00:00:06]} Re2 {[%clk 00:55:08]} 0-1

[Event "DVM U20 2020"]
[Site "Willingen GER"]
[Date "2021.06.26"]
[Round "6"]
[White "Trifan, Andrei Ioan"]
[Black "von Estorff, Jacob"]
[Result "1/2-1/2"]
[Termination "normal"]
[Board "5.2"]
[WhiteElo "2237"]
[BlackElo "2125"]
[WhiteClock "00:24:28"]
[BlackClock "00:17:18"]
[WhiteTeam "OSG Baden-Baden"]
[BlackTeam "Post SV Uelzen"]
[PlyCount "81"]
[WhiteFideId "12967068"]
[BlackFideId "12974501"]
[EventCountry "GER"]
[EventRounds "7"]
[EventType "team-swiss"]
[EventDate "2021.06.23"]

1. e4 {[%clk 01:30:46]} {[%emt 00:00:12]} c5 {[%clk 01:30:26]} {[%emt
00:00:37]} 2. Nf3 {[%clk 01:30:59]} {[%emt 00:00:16]} Nc6 {[%clk 01:30:52]}
{[%emt 00:00:05]} 3. d4 {[%clk 01:31:12]} {[%emt 00:00:16]} cxd4 {[%clk
01:31:18]} {[%emt 00:00:05]} 4. Nxd4 {[%clk 01:31:18]} {[%emt 00:00:23]} g6
{[%clk 01:30:41]} {[%emt 00:01:08]} 5. c4 {[%clk 01:31:16]} {[%emt 00:00:31]}
Bg7 {[%clk 01:31:03]} {[%emt 00:00:09]} 6. Be3 {[%clk 01:31:28]} {[%emt
00:00:17]} Nf6 {[%clk 01:31:15]} {[%emt 00:00:19]} 7. Nc3 {[%clk 01:31:36]}
{[%emt 00:00:21]} Ng4 {[%clk 01:28:51]} {[%emt 00:02:55]} 8. Qxg4 {[%clk
01:31:14]} {[%emt 00:00:50]} Nxd4 {[%clk 01:29:12]} {[%emt 00:00:10]} 9. Qd1
{[%clk 01:31:15]} {[%emt 00:00:28]} Ne6 {[%clk 01:29:17]} {[%emt 00:00:27]} 10.
Qd2 {[%clk 01:28:06]} {[%emt 00:03:39]} Qa5 {[%clk 01:27:37]} {[%emt 00:02:10]}
11. Rc1 {[%clk 01:24:41]} {[%emt 00:03:53]} d6 {[%clk 01:26:37]} {[%emt
00:01:31]} 12. Bd3 {[%clk 01:23:14]} {[%emt 00:01:56]} Nc5 {[%clk 01:21:43]}
{[%emt 00:05:25]} 13. Bb1 {[%clk 01:19:46]} {[%emt 00:03:57]} O-O {[%clk
01:19:32]} {[%emt 00:02:42]} 14. O-O {[%clk 01:17:50]} {[%emt 00:02:25]} Bd7
{[%clk 01:13:17]} {[%emt 00:06:47]} 15. b3 {[%clk 01:14:12]} {[%emt 00:04:06]}
Rfe8 {[%clk 01:10:15]} {[%emt 00:03:33]} 16. f4 {[%clk 01:11:41]} {[%emt
00:03:00]} Bc6 {[%clk 01:07:05]} {[%emt 00:03:41]} 17. Bd4 {[%clk 01:08:42]}
{[%emt 00:03:30]} Bh6 {[%clk 00:52:36]} {[%emt 00:14:59]} 18. Qf2 {[%clk
01:04:52]} {[%emt 00:04:19]} Ne6 {[%clk 00:49:37]} {[%emt 00:03:29]} 19. Be3
{[%clk 01:03:19]} {[%emt 00:02:04]} Bg7 {[%clk 00:45:23]} {[%emt 00:04:44]} 20.
Nd5 {[%clk 01:00:40]} {[%emt 00:03:09]} Nf8 {[%clk 00:42:07]} {[%emt 00:03:46]}
21. f5 {[%clk 00:54:41]} {[%emt 00:06:29]} Bxd5 {[%clk 00:42:16]} {[%emt
00:00:22]} 22. exd5 {[%clk 00:54:42]} {[%emt 00:00:27]} Bf6 {[%clk 00:41:25]}
{[%emt 00:01:22]} 23. fxg6 {[%clk 00:53:04]} {[%emt 00:02:08]} Nxg6 {[%clk
00:37:13]} {[%emt 00:04:43]} 24. h4 {[%clk 00:45:45]} {[%emt 00:07:48]} Nxh4
{[%clk 00:31:25]} {[%emt 00:06:18]} 25. g4 {[%clk 00:44:12]} {[%emt 00:02:02]}
Kh8 {[%clk 00:26:59]} {[%emt 00:04:57]} 26. g5 {[%clk 00:43:37]} {[%emt
00:01:05]} Bxg5 {[%clk 00:24:56]} {[%emt 00:02:34]} 27. Bxg5 {[%clk 00:40:14]}
{[%emt 00:03:52]} Rg8 {[%clk 00:25:12]} {[%emt 00:00:14]} 28. Qxh4 {[%clk
00:31:53]} {[%emt 00:08:51]} Rxg5+ {[%clk 00:25:28]} {[%emt 00:00:15]} 29. Qxg5
{[%clk 00:31:40]} {[%emt 00:00:43]} Rg8 {[%clk 00:25:49]} {[%emt 00:00:08]} 30.
Qxg8+ {[%clk 00:31:38]} {[%emt 00:00:32]} Kxg8 {[%clk 00:26:09]} {[%emt
00:00:10]} 31. Rc2 {[%clk 00:30:52]} {[%emt 00:01:16]} Qc5+ {[%clk 00:25:41]}
{[%emt 00:00:58]} 32. Kh1 {[%clk 00:30:59]} {[%emt 00:00:22]} Qe3 {[%clk
00:25:23]} {[%emt 00:00:50]} 33. Rg2+ {[%clk 00:30:54]} {[%emt 00:00:34]} Kf8
{[%clk 00:24:41]} {[%emt 00:01:12]} 34. Bf5 {[%clk 00:30:07]} {[%emt 00:01:16]}
Qd4 {[%clk 00:18:28]} {[%emt 00:06:43]} 35. Bxh7 {[%clk 00:28:55]} {[%emt
00:01:43]} Ke8 {[%clk 00:17:52]} {[%emt 00:01:06]} 36. Bg8 {[%clk 00:23:26]}
{[%emt 00:05:59]} Qh8+ {[%clk 00:16:21]} {[%emt 00:02:01]} 37. Kg1 {[%clk
00:23:33]} {[%emt 00:00:23]} Qd4+ {[%clk 00:16:46]} {[%emt 00:00:05]} 38. Kh1
{[%clk 00:23:22]} {[%emt 00:00:40]} Qh8+ {[%clk 00:17:00]} {[%emt 00:00:17]}
39. Kg1 {[%clk 00:23:45]} {[%emt 00:00:07]} Qd4+ {[%clk 00:16:54]} {[%emt
00:00:37]} 40. Kh1 {[%clk 00:24:06]} {[%emt 00:00:07]} Qh8+ {[%clk 00:17:18]}
{[%emt 00:00:06]} 41. Kg1 {[%clk 00:24:28]} {[%emt 00:00:09]} 1/2-1/2

[Event "DVM U20 2020"]
[Site "Willingen GER"]
[Date "2021.06.26"]
[Round "6"]
[White "Bargsten, Justus"]
[Black "Wu, Luka"]
[Result "1-0"]
[Termination "normal"]
[Board "5.3"]
[WhiteElo "2052"]
[BlackElo "2065"]
[WhiteClock "00:32:42"]
[BlackClock "00:25:00"]
[WhiteTeam "Post SV Uelzen"]
[BlackTeam "OSG Baden-Baden"]
[PlyCount "59"]
[WhiteFideId "12974188"]
[BlackFideId "12977420"]
[EventCountry "GER"]
[EventRounds "7"]
[EventType "team-swiss"]
[EventDate "2021.06.23"]

1. e4 {[%clk 01:30:57]} {[%emt 00:00:02]} c5 {[%clk 01:30:56]} {[%emt
00:00:04]} 2. Nf3 {[%clk 01:31:24]} {[%emt 00:00:04]} d6 {[%clk 01:31:23]}
{[%emt 00:00:03]} 3. d4 {[%clk 01:31:50]} {[%emt 00:00:04]} cxd4 {[%clk
01:31:50]} {[%emt 00:00:03]} 4. Nxd4 {[%clk 01:32:16]} {[%emt 00:00:04]} Nf6
{[%clk 01:32:14]} {[%emt 00:00:06]} 5. Nc3 {[%clk 01:32:43]} {[%emt 00:00:03]}
g6 {[%clk 01:32:38]} {[%emt 00:00:06]} 6. Be3 {[%clk 01:33:07]} {[%emt
00:00:06]} Bg7 {[%clk 01:33:04]} {[%emt 00:00:04]} 7. f3 {[%clk 01:33:34]}
{[%emt 00:00:03]} O-O {[%clk 01:33:25]} {[%emt 00:00:08]} 8. Qd2 {[%clk
01:33:58]} {[%emt 00:00:06]} Nc6 {[%clk 01:33:47]} {[%emt 00:00:08]} 9. Bc4
{[%clk 01:34:24]} {[%emt 00:00:04]} Bd7 {[%clk 01:34:14]} {[%emt 00:00:04]} 10.
O-O-O {[%clk 01:34:47]} {[%emt 00:00:07]} Rb8 {[%clk 01:34:38]} {[%emt
00:00:06]} 11. Bb3 {[%clk 01:23:50]} {[%emt 00:11:28]} Na5 {[%clk 01:34:38]}
{[%emt 00:00:31]} 12. g4 {[%clk 01:13:35]} {[%emt 00:10:45]} b5 {[%clk
01:31:43]} {[%emt 00:03:25]} 13. Bh6 {[%clk 01:07:09]} {[%emt 00:06:56]} Bxh6
{[%clk 00:54:44]} {[%emt 00:37:28]} 14. Qxh6 {[%clk 01:07:19]} {[%emt
00:00:20]} e5 {[%clk 00:49:33]} {[%emt 00:05:41]} 15. Nf5 {[%clk 00:44:30]}
{[%emt 00:23:20]} Nxb3+ {[%clk 00:49:15]} {[%emt 00:00:48]} 16. cxb3 {[%clk
00:44:33]} {[%emt 00:00:26]} gxf5 {[%clk 00:39:00]} {[%emt 00:10:45]} 17. g5
{[%clk 00:44:25]} {[%emt 00:00:39]} Ne8 {[%clk 00:35:20]} {[%emt 00:04:10]} 18.
Nd5 {[%clk 00:44:45]} {[%emt 00:00:10]} f6 {[%clk 00:28:44]} {[%emt 00:07:06]}
19. Rhg1 {[%clk 00:37:10]} {[%emt 00:08:05]} Rf7 {[%clk 00:28:20]} {[%emt
00:00:54]} 20. gxf6+ {[%clk 00:34:03]} {[%emt 00:03:37]} Kh8 {[%clk 00:28:35]}
{[%emt 00:00:15]} 21. Ne7 {[%clk 00:34:06]} {[%emt 00:00:27]} Nxf6 {[%clk
00:27:33]} {[%emt 00:01:32]} 22. Ng6+ {[%clk 00:33:29]} {[%emt 00:01:07]} Kg8
{[%clk 00:27:39]} {[%emt 00:00:25]} 23. Nxe5+ {[%clk 00:32:30]} {[%emt
00:01:29]} Ng4 {[%clk 00:27:44]} {[%emt 00:00:25]} 24. Nxf7 {[%clk 00:32:27]}
{[%emt 00:00:34]} Kxf7 {[%clk 00:28:05]} {[%emt 00:00:08]} 25. Qxh7+ {[%clk
00:32:24]} {[%emt 00:00:33]} Ke8 {[%clk 00:28:07]} {[%emt 00:00:28]} 26. fxg4
{[%clk 00:32:19]} {[%emt 00:00:35]} Rc8+ {[%clk 00:26:53]} {[%emt 00:01:43]}
27. Kb1 {[%clk 00:32:42]} {[%emt 00:00:07]} Qe7 {[%clk 00:26:25]} {[%emt
00:00:59]} 28. Qg6+ {[%clk 00:32:25]} {[%emt 00:00:47]} Kd8 {[%clk 00:26:14]}
{[%emt 00:00:40]} 29. exf5 {[%clk 00:32:17]} {[%emt 00:00:38]} Qe4+ {[%clk
00:25:00]} {[%emt 00:01:45]} 30. Ka1 {[%clk 00:32:42]} {[%emt 00:00:05]} 1-0

[Event "DVM U20 2020"]
[Site "Willingen GER"]
[Date "2021.06.26"]
[Round "6"]
[White "Wu, Leon"]
[Black "Askerov, Imamali"]
[Result "1/2-1/2"]
[Termination "normal"]
[Board "5.4"]
[WhiteElo "1981"]
[BlackElo "1937"]
[WhiteClock "00:01:34"]
[BlackClock "00:00:48"]
[WhiteTeam "OSG Baden-Baden"]
[BlackTeam "Post SV Uelzen"]
[PlyCount "72"]
[WhiteFideId "12977438"]
[BlackFideId "12974498"]
[EventCountry "GER"]
[EventRounds "7"]
[EventType "team-swiss"]
[EventDate "2021.06.23"]

1. e4 {[%clk 01:30:52]} {[%emt 00:00:07]} c5 {[%clk 01:30:42]} {[%emt
00:00:18]} 2. Nf3 {[%clk 01:31:11]} {[%emt 00:00:11]} e6 {[%clk 01:30:36]}
{[%emt 00:00:37]} 3. d4 {[%clk 01:31:34]} {[%emt 00:00:07]} cxd4 {[%clk
01:31:02]} {[%emt 00:00:04]} 4. Nxd4 {[%clk 01:31:59]} {[%emt 00:00:06]} Nc6
{[%clk 01:30:42]} {[%emt 00:00:50]} 5. Nc3 {[%clk 01:32:13]} {[%emt 00:00:16]}
Qc7 {[%clk 01:30:38]} {[%emt 00:00:34]} 6. Be2 {[%clk 01:32:15]} {[%emt
00:00:27]} Nf6 {[%clk 01:30:32]} {[%emt 00:00:36]} 7. O-O {[%clk 01:31:33]}
{[%emt 00:01:12]} Be7 {[%clk 01:30:25]} {[%emt 00:00:37]} 8. Be3 {[%clk
01:31:31]} {[%emt 00:00:31]} O-O {[%clk 01:29:52]} {[%emt 00:01:03]} 9. Kh1
{[%clk 01:31:28]} {[%emt 00:00:34]} d6 {[%clk 01:26:51]} {[%emt 00:03:31]} 10.
f4 {[%clk 01:31:21]} {[%emt 00:00:37]} Nxd4 {[%clk 01:27:00]} {[%emt 00:00:22]}
11. Bxd4 {[%clk 01:31:18]} {[%emt 00:00:33]} Rd8 {[%clk 01:18:37]} {[%emt
00:08:53]} 12. Be3 {[%clk 01:25:44]} {[%emt 00:06:04]} b6 {[%clk 01:15:47]}
{[%emt 00:03:20]} 13. Qe1 {[%clk 01:18:12]} {[%emt 00:08:02]} Bb7 {[%clk
01:15:36]} {[%emt 00:00:42]} 14. Bf3 {[%clk 01:16:12]} {[%emt 00:02:30]} Bc6
{[%clk 00:52:56]} {[%emt 00:23:11]} 15. Qg3 {[%clk 00:42:51]} {[%emt 00:33:51]}
Qb7 {[%clk 00:44:44]} {[%emt 00:08:41]} 16. e5 {[%clk 00:39:41]} {[%emt
00:03:40]} Ne4 {[%clk 00:31:49]} {[%emt 00:13:25]} 17. Nxe4 {[%clk 00:34:37]}
{[%emt 00:05:34]} Bxe4 {[%clk 00:32:10]} {[%emt 00:00:09]} 18. c3 {[%clk
00:34:02]} {[%emt 00:01:05]} Bxf3 {[%clk 00:23:57]} {[%emt 00:08:43]} 19. Rxf3
{[%clk 00:33:31]} {[%emt 00:01:00]} Qe4 {[%clk 00:18:28]} {[%emt 00:05:59]} 20.
Bd4 {[%clk 00:28:31]} {[%emt 00:05:30]} dxe5 {[%clk 00:15:44]} {[%emt
00:03:15]} 21. fxe5 {[%clk 00:24:04]} {[%emt 00:04:57]} Qh4 {[%clk 00:13:54]}
{[%emt 00:02:19]} 22. Qxh4 {[%clk 00:22:01]} {[%emt 00:02:35]} Bxh4 {[%clk
00:14:22]} {[%emt 00:00:02]} 23. g3 {[%clk 00:11:09]} {[%emt 00:11:21]} Bg5
{[%clk 00:14:27]} {[%emt 00:00:24]} 24. Kg2 {[%clk 00:09:25]} {[%emt 00:02:16]}
Rd7 {[%clk 00:14:20]} {[%emt 00:00:36]} 25. Raf1 {[%clk 00:08:44]} {[%emt
00:01:10]} Rf8 {[%clk 00:11:55]} {[%emt 00:02:55]} 26. R1f2 {[%clk 00:06:15]}
{[%emt 00:02:59]} Be7 {[%clk 00:10:52]} {[%emt 00:01:33]} 27. Rf4 {[%clk
00:04:28]} {[%emt 00:02:17]} Rd5 {[%clk 00:11:00]} {[%emt 00:00:22]} 28. b4
{[%clk 00:03:23]} {[%emt 00:01:35]} Rd7 {[%clk 00:09:15]} {[%emt 00:02:15]} 29.
Kf1 {[%clk 00:02:32]} {[%emt 00:01:21]} b5 {[%clk 00:08:04]} {[%emt 00:01:41]}
30. Ke2 {[%clk 00:02:20]} {[%emt 00:00:41]} Bg5 {[%clk 00:06:16]} {[%emt
00:02:18]} 31. Re4 {[%clk 00:02:02]} {[%emt 00:00:48]} Rfd8 {[%clk 00:06:16]}
{[%emt 00:00:29]} 32. a3 {[%clk 00:01:41]} {[%emt 00:00:52]} Be7 {[%clk
00:01:48]} {[%emt 00:04:58]} 33. h4 {[%clk 00:01:30]} {[%emt 00:00:41]} Rc8
{[%clk 00:01:56]} {[%emt 00:00:23]} 34. Ke3 {[%clk 00:01:16]} {[%emt 00:00:45]}
Bd8 {[%clk 00:02:14]} {[%emt 00:00:11]} 35. Rd2 {[%clk 00:01:19]} {[%emt
00:00:26]} Be7 {[%clk 00:01:21]} {[%emt 00:01:23]} 36. Rd3 {[%clk 00:01:34]}
{[%emt 00:00:15]} Bf8 {[%clk 00:00:48]} {[%emt 00:01:03]} 1/2-1/2